00466nam a2200169Ia 4500003000400000008004100004040001600045082001600061100001700077245005600094260004200150300001000192650001600202650002200218650003500240650002100275GCL140319s9999 xx 000 0 eng d aGCL / cGCL04a362.12bP S1 aPERRY, ABBIE10aSOCIOLOGY: INSIGHTS IN HEALTH CARE / cPERRY, ABBIE a[S.N] : bARNOLD PUBLISHERS ، c1996 a262 P04aHEALTH CARE04aHEALTH FACILITIES04aHEAALTH SERVICES ADMINISTRATIN04aNURSING SERVICES